000 02169nam a22003137a 4500
001 9389
003 FISKH
005 20251218104145.0
008 251218b cb ||||| |||| 00| 0 eng d
020 _a9789995001827
040 _aFISKH
_bkhr
_cFISKH
_dFISKH
082 _a895.93
100 _aBopha , Um
245 _aកូនត្រីរាជនិងកុមារ /
_cអ្នកនិពន្ធលោក អ៊ុំ បុប្ជា , អ្នកវាយអត្ថបទ លោក ខែម ម៉ារី
250 _aបោះពុម្ពលើកទី១ ឆ្នាំ​២០១៣
260 _aភ្នំពេញ :
_bគ្រឺះស្ថានបោះពុម្ពនិងចែកផ្សាយ ,​
_c​២០១៣ .
300 _a8 pages :
_bcolor illustrations ;
_c17 x 17 cm .
490 _aរឿងនិទានអប់រំសម្រាប់កុមារ
505 _aM
520 _aមានកុមារ២នាក់បានជួយសង្គ្រោះជីវិតត្រីរាជពីសត្វឥន្ទ្រីយក្ស ។ ថ្ងៃមួយកុមារទាំងពីរក៏ជិះទូកទៅរៀនដូចរាល់ដងហើយក៏បានជួបនឹងខ្យល់ព្យុះ ធ្វើអោយលិចទូក ។ ហើយភ្លាមនោះត្រីរាជក៏បានមកជួយសង្គ្រោះកុមារទាំងពីរវិញ ។
520 _aTwo children helped save the life of the King Fish from a giant eagle. One day, as usual, the two children were traveling by boat to school when they encountered a storm that caused the boat to sink. At that moment, the King Fish came and rescued the two children in return.
521 8 _a550
_bLexile estimate
521 8 _aM
_bRz-Plus
650 _aកូនត្រីរាជនិងកុមារ
_vរឿងនិទានកុមារ​
650 _aSmall fish and the children
_vChildren's Stories
700 _aVanthen , Houy
_eIllustrator
942 _2ddc
_cBK
_n0
999 _c9389
_d9389